5HLuxD.jpg

KING HENRY VIII SENIOR AND PRIMARY SCHOOL LIBRARY OPAC

It's mine! / (Record no. 4004)

000 -LEADER
fixed length control field 00952cam a2200289 a 4500
001 - CONTROL NUMBER
control field 17177638
003 - CONTROL NUMBER IDENTIFIER
control field OSt
005 - DATE AND TIME OF LATEST TRANSACTION
control field 20241205114346.0
008 - FIXED-LENGTH DATA ELEMENTS--GENERAL INFORMATION
fixed length control field 120223s2012 paua a 000 1 eng
010 ## - LIBRARY OF CONGRESS CONTROL NUMBER
LC control number 2012000184
020 ## - INTERNATIONAL STANDARD BOOK NUMBER
International Standard Book Number 9781561487660
Qualifying information (hardcover : alk. paper)
040 ## - CATALOGING SOURCE
Original cataloging agency DLC
Transcribing agency DLC
Modifying agency DLC
-- KH8
042 ## - AUTHENTICATION CODE
Authentication code lcac
-- pcc
082 00 - DEWEY DECIMAL CLASSIFICATION NUMBER
Classification number FIC COR
Edition number 23
100 1# - MAIN ENTRY--PERSONAL NAME
Personal name Corderoy, Tracey.
Relator term aut.
245 10 - TITLE STATEMENT
Title It's mine! /
Statement of responsibility, etc. Tracey Corderoy ; [illustrations by] Caroline Pedler.
246 3# - VARYING FORM OF TITLE
Title proper/short title It is mine!
260 ## - PUBLICATION, DISTRIBUTION, ETC.
Place of publication, distribution, etc. Intercourse, PA :
Name of publisher, distributor, etc. Good Books,
Date of publication, distribution, etc. c2012.
300 ## - PHYSICAL DESCRIPTION
Extent 1 v. (unpaged) :
Other physical details col. ill. ;
Dimensions 27 cm.
500 ## - GENERAL NOTE
General note "A soft-to-touch book"--Cover.
520 ## - SUMMARY, ETC.
Summary, etc. Baby Bear loves to play with his friend Lulu, but gets upset when he sees her being rough with his favorite toy, Rory.
650 #1 - SUBJECT ADDED ENTRY--TOPICAL TERM
Topical term or geographic name entry element Sharing
Form subdivision Fiction.
650 #1 - SUBJECT ADDED ENTRY--TOPICAL TERM
Topical term or geographic name entry element Bears
Form subdivision Fiction.
650 #1 - SUBJECT ADDED ENTRY--TOPICAL TERM
Topical term or geographic name entry element Toys
Form subdivision Fiction.
700 1# - ADDED ENTRY--PERSONAL NAME
Personal name Pedler, Caroline,
Relator term ill.
942 ## - ADDED ENTRY ELEMENTS (KOHA)
Source of classification or shelving scheme
Koha item type Books - Fiction
Holdings
Withdrawn status Lost status Source of classification or shelving scheme Damaged status Not for loan Collection code Permanent Location Current Location Shelving location Date acquired Full call number Barcode Date last seen Price effective from Koha item type
          Fiction KH8 Primary School Library KH8 Primary School Library Fiction 2024-12-05 FIC COR KHPL000004700 2025-12-05 2024-12-05 Books - Fiction

Powered By KH8 IT Dept